Sports Quiz

Random Sports or Tennis Quiz

ATP Top 100 (03.04.2017) Quiz Stats

 Plays Quiz not verified by Sporcle

Challenge
Share
Tweet
Embed
Score 0/100 Timer 15:00
0 Plays Today
Hint Answer % Correct
#2 SRBDjokovic
99.3%
#4 SUIFederer
99.3%
#1 GBRMurray
98.5%
#5 ESPNadal
98.5%
#7 JAPNishikori
98.2%
#3 SUIWawrinka
97.8%
#6 CANRaonic
96.3%
#10 FRATsonga
96%
#11 FRAMonfils
96%
#12 BULDimitrov
96%
#8 CROCilic
95.6%
#9 AUTThiem
94.9%
#13 CZEBerdych
94.5%
#22 FRAGasquet
94.1%
#16 AUSKyrgios
93.8%
#23 USAIsner
93.4%
#14 BELGoffin
93%
#20 GERZverev
93%
#33 GERZverev
93%
#15 USASock
89.3%
#27 LUXMuller
89%
#28 ITAFognini
89%
#35 ARGDel Potro
89%
#17 FRAPouille
86%
#34 ESPFerrer
84.6%
#26 URUCuevas
84.2%
#21 CROKarlovic
83.8%
#36 ESPLopez
83.5%
#37 PORSousa
82.7%
#47 GBREdmund
82.4%
#25 USAQuerrey
82%
#56 CYPBaghdatis
82%
#18 ESPBautista Agut
81.6%
#30 FRASimon
80.5%
Hint Answer % Correct
#69 RSAAnderson
80.1%
#29 USAJohnson
79.8%
#19 ESPCarreno Busta
79%
#32 GERKohlschreiber
77.9%
#39 SRBTroicki
77.9%
#43 AUSTomic
77.6%
#31 ESPVerdasco
77.2%
#76 ITASeppi
77.2%
#70 UKRDolgopolov
75.4%
#48 NEDHaase
74.3%
#44 GBREvans
73.5%
#71 UZBIstomin
73.2%
#59 CROCoric
72.4%
#24 ESPRamos Vinolas
71.7%
#52 TUNJaziri
71.7%
#46 FRAMahut
71%
#42 USAYoung
69.1%
#67 BRABellucci
68%
#40 FRAPaire
67.6%
#38 ITALorenzi
67.3%
#65 TAILu
66.5%
#73 BOSDzumhur
66.2%
#53 BELDarcis
65.1%
#62 SVKKlizan
62.9%
#49 ARGMayer
61%
#57 ESPAlmagro
59.9%
#78 KAZKukushkin
59.9%
#88 RUSYouzhny
59.9%
#93 GBRBedene
59.9%
#51 ARGDelbonis
59.2%
#77 GERBrown
59.2%
#94 SRBTipsarevic
59.2%
#92 KORChung
58.8%
#58 FRAMannarino
57.7%
Hint Answer % Correct
#68 FRAChardy
57.4%
#64 JAPNishioka
57%
#80 FRAHerbert
55.9%
#54 CZEVesely
54.8%
#60 GEOBasilashvili
54.4%
#50 USAHarrison
53.7%
#55 RUSKhachanov
53.7%
#87 DOMEstrella Burgos
53.3%
#89 USATiafoe
51.5%
#45 ESPGranollers
50.7%
#84 SRBLajovic
50.7%
#72 ARGMonaco
48.5%
#98 CZEStepanek
48.2%
#99 JAPDaniel
48.2%
#63 RUSMedvedev
47.1%
#41 ARGSchwartzmann
46.7%
#74 RUSKuznetsov
46%
#91 ESPGarcia-Lopez
46%
#79 AUSThompson
45.6%
#97 JAPSugita
44.5%
#61 GERStruff
44.1%
#86 ARGZeballos
42.6%
#75 USADonaldson
42.3%
#66 ARGBerlocq
39.7%
#90 PORElias
39%
#81 BRAMonteiro
38.2%
#85 FRARobert
37.1%
#83 BRADutra Silva
36.4%
#82 MNTAlbot
25.4%
#100 ARGBagnis
25%
#96 ARGOlivo
24.3%
#95 USAEscobedo
19.1%

You're not logged in!

Compare scores with friends on all Sporcle quizzes.
OR
Log In

You Might Also Like...

Show Comments

Extras

Created Apr 9, 2017ReportNominate
Tags:Tennis Quiz, Men Tennis

Top Quizzes Today


Score Distribution

Your Account Isn't Verified!

In order to create a playlist on Sporcle, you need to verify the email address you used during registration. Go to your Sporcle Settings to finish the process.

Report this User

Report this user for behavior that violates our Community Guidelines.

Details: